[Event "Goldmoney Asian Rapid KO"]
[Site "chess24.com INT"]
[Date "2021.07.03"]
[Round "3.14"]
[White "Ding, Liren"]
[Black "Carlsen, Magnus"]
[Result "1/2-1/2"]
[WhiteTitle "GM"]
[BlackTitle "GM"]
[WhiteElo "2799"]
[BlackElo "2847"]
[WhiteFideId "8603677"]
[BlackFideId "1503014"]
[EventDate "2021.06.29"]

1. d4 Nf6 2. c4 e6 3. g3 d5 4. Bg2 Be7 5. Nf3 O-O 6. O-O dxc4 7. Qc2 a6 8. a4
Bd7 9. Qxc4 Bc6 10. Bg5 h6 11. Bxf6 Bxf6 12. Rd1 a5 13. Nc3 Bd5 14. Nxd5 exd5
15. Qb3 Ra6 16. Ne5 Rb6 17. Qxd5 Qxd5 18. Bxd5 Bxe5 19. dxe5 Rxb2 20. Rab1 Rxb1
21. Rxb1 b6 22. f4 Rd8 23. e4 Na6 24. Rc1 Nc5 25. Kg2 Rc8 26. Kf3 c6 27. Bc4 Rd8
28. Ke3 Nxa4 29. e6 Kf8 30. exf7 b5 31. Be2 b4 32. Rxc6 b3 33. Rc7 b2 34. Rb7
Nc3 35. Rxb2 a4 36. Rc2 Nxe2 37. Rxe2 a3 38. Ra2 Ra8 39. Kd3 Kxf7 40. Kc3 Ra4
41. e5 g5 42. Kb3 Re4 43. Rf2 Re3+ 44. Kc4 gxf4 45. gxf4 Re4+ 46. Kb3 Re3+ 47.
Ka2 Ke6 48. f5+ Kf7 49. e6+ Kf6 50. h4 h5 51. Rf4 Rd3 52. Rf1 Re3 53. Rf2 Rd3
54. Re2 Rd8 55. Rf2 Rd3 56. Rf4 Re3 57. Rf1 Rd3 58. Re1 Rd8 59. Kxa3 Kxf5 60. e7
Re8 61. Kb4 Kf6 62. Kc5 Rxe7 63. Rxe7 Kxe7 64. Kd5 Kf6 65. Ke4 Ke6 66. Kf4 Kf6
67. Ke4 Ke6 68. Kf4 Kf6 69. Ke4 1/2-1/2

[Event "Goldmoney Asian Rapid KO"]
[Site "chess24.com INT"]
[Date "2021.07.04"]
[Round "3.21"]
[White "Artemiev, Vladislav"]
[Black "Aronian, Levon"]
[Result "0-1"]
[WhiteTitle "GM"]
[BlackTitle "GM"]
[WhiteElo "2704"]
[BlackElo "2781"]
[WhiteFideId "24101605"]
[BlackFideId "13300474"]
[EventDate "2021.06.29"]

1. Nf3 d5 2. g3 g6 3. Bg2 Bg7 4. O-O Nf6 5. c4 dxc4 6. Qa4+ Nfd7 7. Qxc4 Nc6 8.
d3 Nb6 9. Qh4 O-O 10. Nc3 e5 11. Qxd8 Rxd8 12. Bg5 f6 13. Be3 Ne7 14. Rac1 Ned5
15. Nxd5 Nxd5 16. Bd2 c6 17. b4 Be6 18. Rc2 Rd7 19. Rb1 Rad8 20. Be1 Bf8 21. a3
Nc7 22. a4 Bd5 23. Bh3 Be6 24. Bf1 Bf5 25. Nd2 Ne6 26. Rc4 g5 27. Ne4 Kf7 28.
Bc3 h5 29. b5 cxb5 30. Rxb5 b6 31. a5 Rc7 32. Nxg5+ fxg5 33. Rxe5 Bg4 34. Rxe6
Rxc4 35. Rf6+ Ke7 36. dxc4 Bg7 37. Rf3 Bxf3 38. Bxg7 Bg4 39. axb6 Rd1 40. Kg2
axb6 41. e3 Bf5 42. Be2 Rd2 43. Bxh5 g4 44. Kf1 Rd1+ 45. Ke2 Rh1 46. Bc3 Rxh2
47. Bb4+ Ke6 48. e4 Rxh5 49. exf5+ Kxf5 50. f3 Rh2+ 51. Ke3 gxf3 52. Kxf3 Rc2
53. g4+ Ke6 54. g5 Rxc4 55. Bf8 Kf5 56. Bh6 Rc8 57. Ke3 Kg6 58. Kd3 b5 0-1

[Event "Goldmoney Asian Rapid KO"]
[Site "chess24.com INT"]
[Date "2021.07.04"]
[Round "3.21"]
[White "Ding, Liren"]
[Black "Carlsen, Magnus"]
[Result "1-0"]
[WhiteTitle "GM"]
[BlackTitle "GM"]
[WhiteElo "2799"]
[BlackElo "2847"]
[WhiteFideId "8603677"]
[BlackFideId "1503014"]
[EventDate "2021.06.29"]

1. d4 Nf6 2. c4 e6 3. g3 d5 4. Bg2 Be7 5. Nf3 O-O 6. O-O dxc4 7. Qc2 a6 8. a4
Bd7 9. Qxc4 Bc6 10. Bg5 h6 11. Bxf6 Bxf6 12. Rd1 Bd5 13. Qc2 a5 14. e4 Bc6 15.
Nc3 Na6 16. h4 Nb4 17. Qe2 g6 18. Rd2 Qe7 19. Re1 Rad8 20. Qd1 Bg7 21. h5 g5 22.
d5 Bd7 23. Nd4 Bxd4 24. Rxd4 e5 25. Rd2 g4 26. Nb5 Qg5 27. Re3 Rc8 28. Rc3 Qxh5
29. Nxc7 Qg5 30. b3 h5 31. d6 Rfd8 32. Bf1 Kg7 33. Bb5 Bc6 34. Bxc6 Nxc6 35.
Ne8+ Kf8 36. d7 Rb8 37. Rd6 Nd4 38. Rxd4 exd4 39. Qxd4 Rxd7 40. Qxd7 Rxe8 41.
Qxb7 Qe5 42. Rc8 Rxc8 43. Qxc8+ Kg7 44. Qc4 Qa1+ 45. Kg2 Qf6 46. Qd5 h4 47. gxh4
Qxh4 48. Qxa5 Qh3+ 49. Kg1 Qxb3 50. Qe5+ Kf8 51. a5 Qa3 52. Qg5 Qb4 53. Qf5 Qa3
54. Qc8+ Ke7 55. a6 g3 56. Qb7+ Kf6 57. a7 Qc1+ 58. Kg2 gxf2 59. Qb6+ Ke7 60.
Qxf2 Qg5+ 61. Kh3 Qa5 62. Kg4 Qa1 63. Qc5+ Kf6 64. Qc6+ Kg7 65. a8=Q Qg1+ 66.
Kf5 1-0

[Event "Goldmoney Asian Rapid KO"]
[Site "chess24.com INT"]
[Date "2021.07.04"]
[Round "3.22"]
[White "Aronian, Levon"]
[Black "Artemiev, Vladislav"]
[Result "1-0"]
[WhiteTitle "GM"]
[BlackTitle "GM"]
[WhiteElo "2781"]
[BlackElo "2704"]
[WhiteFideId "13300474"]
[BlackFideId "24101605"]
[EventDate "2021.06.29"]

1. d4 g6 2. e4 Bg7 3. Nf3 d6 4. c3 Nf6 5. Bd3 O-O 6. O-O c5 7. h3 Qc7 8. Re1 e5
9. Be3 b6 10. Nbd2 Nc6 11. Rc1 Re8 12. d5 Ne7 13. b4 Nd7 14. Nf1 c4 15. Bc2 f5
16. exf5 gxf5 17. Bg5 e4 18. Ng3 exf3 19. Nxf5 Ne5 20. Nxg7 Kxg7 21. Rxe5 dxe5
22. d6 Qd7 23. Qxf3 Ng6 24. Qxa8 Bb7 25. Qxa7 Qc6 26. f3 Ra8 27. d7 Qxd7 28.
Qxb6 Ra6 29. Qe3 Rxa2 30. Rd1 Qe6 31. Qc5 Rxc2 32. Qc7+ Kg8 33. Qxb7 Nf8 34. Rd8
Rxc3 35. Be7 Rc1+ 36. Kh2 1-0

[Event "Goldmoney Asian Rapid KO"]
[Site "chess24.com INT"]
[Date "2021.07.04"]
[Round "3.22"]
[White "Carlsen, Magnus"]
[Black "Ding, Liren"]
[Result "0-1"]
[WhiteTitle "GM"]
[BlackTitle "GM"]
[WhiteElo "2847"]
[BlackElo "2799"]
[WhiteFideId "1503014"]
[BlackFideId "8603677"]
[EventDate "2021.06.29"]

1. b3 d5 2. Bb2 Bf5 3. Nf3 e6 4. g3 Nf6 5. Bg2 Be7 6. O-O O-O 7. c4 c6 8. d3 h6
9. Nbd2 a5 10. a3 Nbd7 11. Ra2 Bh7 12. Qa1 Re8 13. Rc1 Bd6 14. Ne5 Nxe5 15. Bxe5
Bf8 16. Bc3 Nd7 17. b4 Nb6 18. bxa5 Na4 19. Bb4 c5 20. Nb3 b6 21. Be1 bxa5 22.
Qe5 Qb6 23. Rb1 Rab8 24. Raa1 Bd6 25. Qh5 Bg6 26. Qf3 Be5 27. Nd2 Qc7 28. Rxb8
Rxb8 29. Rc1 Bb2 30. Rc2 d4 31. Nb1 Ba1 32. Rc1 Bb2 33. Rc2 Nc3 34. Nxc3 Bxc3
35. Rc1 Bb2 36. Rb1 Bxa3 37. Rxb8+ Qxb8 38. Bd2 Bb4 39. Bf4 Qa7 40. Qc6 a4 41.
Qc8+ Kh7 42. Bb8 Qe7 43. Qa6 a3 44. Be5 f6 45. Bf4 e5 46. Bc1 e4 47. dxe4 Bxe4
48. Bf1 0-1

[Event "Goldmoney Asian Rapid KO"]
[Site "chess24.com INT"]
[Date "2021.07.04"]
[Round "3.23"]
[White "Ding, Liren"]
[Black "Carlsen, Magnus"]
[Result "1-0"]
[WhiteTitle "GM"]
[BlackTitle "GM"]
[WhiteElo "2799"]
[BlackElo "2847"]
[WhiteFideId "8603677"]
[BlackFideId "1503014"]
[EventDate "2021.06.29"]

1. d4 Nf6 2. c4 g6 3. g3 c5 4. Nf3 Bg7 5. Bg2 Qa5+ 6. Nc3 Ne4 7. Bd2 Nxd2 8.
Qxd2 d6 9. O-O Nc6 10. e3 O-O 11. Rac1 Bg4 12. d5 Bxf3 13. Bxf3 Ne5 14. Be2 a6
15. a4 Qb4 16. Qc2 b5 17. cxb5 c4 18. Na2 Qb3 19. Qxb3 cxb3 20. Nb4 axb5 21.
Bxb5 Nf3+ 22. Kg2 Nd2 23. Rfd1 Bxb2 24. Rc7 Ne4 25. Rb1 Bf6 26. Rxb3 Nc5 27. Rb1
Nxa4 28. Bxa4 Rxa4 29. Nc6 Re8 30. Rb8 Rxb8 31. Nxb8 g5 32. Nc6 Kf8 33. Rc8+ Kg7
34. Re8 1-0

[Event "Goldmoney Asian Rapid KO"]
[Site "chess24.com INT"]
[Date "2021.07.04"]
[Round "3.31"]
[White "Carlsen, Magnus"]
[Black "Ding, Liren"]
[Result "1-0"]
[WhiteTitle "GM"]
[BlackTitle "GM"]
[WhiteElo "2847"]
[BlackElo "2799"]
[WhiteFideId "1503014"]
[BlackFideId "8603677"]
[EventDate "2021.06.29"]

1. e4 e5 2. Nf3 Nc6 3. Bb5 a6 4. Ba4 Nf6 5. O-O Be7 6. d3 b5 7. Bb3 d6 8. c3 O-O
9. a4 Bd7 10. Bc2 Re8 11. Re1 h6 12. Nbd2 Bf8 13. h3 Rb8 14. b4 Ne7 15. axb5
axb5 16. d4 Ng6 17. Nb3 Ra8 18. Bd2 Rxa1 19. Qxa1 Qc8 20. Kh2 Nh5 21. Bd3 Nhf4
22. Bf1 c6 23. dxe5 dxe5 24. Be3 Be6 25. Nc5 Bxc5 26. bxc5 f6 27. Rd1 Kh7 28.
Rd6 f5 29. Bxf4 exf4 30. Nd4 Ne5 31. Qb1 g6 32. Qc1 Bd7 33. exf5 g5 34. Qc2 Rg8
35. Qe4 Qe8 36. Ne6 Nf7 37. f6+ Kh8 38. Bd3 1-0

[Event "Goldmoney Asian Rapid KO"]
[Site "chess24.com INT"]
[Date "2021.07.04"]
[Round "3.32"]
[White "Ding, Liren"]
[Black "Carlsen, Magnus"]
[Result "1/2-1/2"]
[WhiteTitle "GM"]
[BlackTitle "GM"]
[WhiteElo "2799"]
[BlackElo "2847"]
[WhiteFideId "8603677"]
[BlackFideId "1503014"]
[EventDate "2021.06.29"]

1. d4 Nf6 2. c4 e6 3. g3 d5 4. Bg2 Bb4+ 5. Bd2 a5 6. a3 Be7 7. Nf3 O-O 8. Qc2 c6
9. O-O Nbd7 10. Rc1 b6 11. cxd5 cxd5 12. Bf4 Ba6 13. Nc3 b5 14. e3 Qb6 15. Bf1
Rfc8 16. Qd1 h6 17. h4 b4 18. Na4 Qb7 19. axb4 Bxf1 20. Kxf1 Bxb4 21. Kg2 Rxc1
22. Rxc1 Rc8 23. Rc2 Ne4 24. Qc1 Rxc2 25. Qxc2 Qa6 26. b3 Ndf6 27. Ne5 Bd6 28.
Nd3 Bxf4 29. exf4 Nd6 30. Ne5 Nfe4 31. h5 Nf5 32. Qc7 Qe2 33. Qxf7+ Kh7 34. Qg6+
Kh8 35. Ng4 Nxf2 36. Qe8+ Kh7 37. Qg6+ Kh8 38. Qe8+ Kh7 39. Qg6+ Kh8 1/2-1/2